000 00557cam a22002291 4500
001 sa 63003254
003 DLC
005 20260227111940.0
008 890809s1961 ii 000 0 maro
010 _asa 63003254
035 _a(OCoLC)20149223
040 _aDLC
_cWaU
_dDLC
042 _apremarc
043 _aa-ii---
050 0 0 _aDS485.M34
_bA8
100 1 _aAtre, Prahlad Keshav,
_d1898-1969.
245 1 0 _aVastraharaṇa.
260 _c[1961]
300 _a172 p.
_c19 cm.
500 _aIn Marathi.
651 0 _aMaharashtra (India)
_xHistory.
999 _c54987
_d54987